00361nam a2200121Ia 4500008004100000100001600041245005800057260004800115300000800163650004300171942000800214999001700222190216s9999||||xx |||||||||||||| ||und|| aDa Costa Gc 0aGic/Lic Assistant Administrative Officers Examination b"Competition Review Pvt Ltd,Newdelhi"c1990 a296 aAssistant Administrative Officers Exam cREF c36001d36001